Unit Circle Quiz Stats

 Plays Quiz not verified by Sporcle

Challenge
Share
Tweet
Score 0/34 Timer 05:00
0 Plays Today
Number Answer % Correct
2pi|6
90.2%
4pi|3
89.3%
3pi|4
88.8%
5pi|2
87.7%
62pi|3
83.7%
9pi
82%
73pi|4
81.3%
85pi|6
79.6%
1930
78.2%
2045
77.8%
2160
77.8%
107pi|6
77.5%
2290
77.5%
23120
76.6%
26180
75.9%
115pi|4
75.7%
133pi|2
75.6%
Number Answer % Correct
24135
75.6%
25150
75.3%
124pi|3
74.5%
27210
74.1%
28225
72.5%
30270
72%
29240
71.4%
31300
70.7%
1611pi|6
70.4%
145pi|3
70.3%
157pi|4
70%
172pi
69.7%
32315
69.2%
33330
68.9%
34360
68.8%
10
36%
180
31.5%

You're not logged in!

Compare scores with friends on all Sporcle quizzes.
OR
Log In

You Might Also Like...

Show Comments

Extras

Top Quizzes Today


Score Distribution

Your Account Isn't Verified!

In order to create a playlist on Sporcle, you need to verify the email address you used during registration. Go to your Sporcle Settings to finish the process.

Report this User

Report this user for behavior that violates our Community Guidelines.

Details: